Street Suffixes Quiz Stats

 Plays Quiz Updated Jan 15, 2019

Support Sporcle.
Go Orange.
Score 0/146 Timer 15:00
27 Plays Today
% Correct
Street
95.8%
Avenue
90.2%
Road
88%
Lane
76.1%
Way
75.6%
Boulevard
72%
Drive
71%
Circle
66.4%
Highway
63%
Park
61.8%
Court
60%
Place
53.2%
Alley
50%
Hill
47.8%
Parkway
46.4%
River
44.9%
Lake
44.8%
Mount
42.8%
Mountain
41.4%
Path
39.2%
Bridge
38.7%
Freeway
38.3%
Square
37.9%
Route
37.5%
Beach
36.9%
Walk
36.8%
Valley
35.6%
Creek
35%
Forest
34.6%
Trail
34.2%
Field
33.6%
Stream
32.9%
Pass
32.1%
Land
30.8%
Terrace
30.1%
Garden
29.9%
Island
29.5%
Brook
28.5%
Center
28.3%
Expressway
28.2%
Crossing
27.6%
Crescent
27.6%
Corner
27.5%
View
27.4%
Bend
27.4%
Green
27.3%
Grove
26.5%
Turnpike
26.4%
Run
26%
% Correct
Cove
25.9%
Overpass
25.7%
Cliff
25.6%
Port
25.3%
Isle
25%
Meadow
25%
Canyon
24.7%
Plaza
24.3%
Dale
24%
Pike
23.9%
Ridge
23.8%
Annex
23.7%
Underpass
23.7%
Junction
23.4%
Throughway
23.5%
Mall
23.3%
Point
23.1%
Loop
23%
Fall
22.9%
Landing
22.9%
Village
22.8%
Glen
22.7%
Heights
22.7%
Station
22.6%
Tunnel
22.5%
Fort
22.4%
Harbor
22%
Bypass
22%
Bluff
21.9%
Causeway
21.7%
Bayou
21.6%
Shore
21.6%
Plain
21.4%
Inlet
21.3%
Arcade
21.2%
Crest
21.2%
Track
21.1%
Camp
20.9%
Estate
20.9%
Dam
20.5%
Mill
20.5%
Curve
20.2%
Ford
20.1%
Manor
20%
Wall
20%
Fork
19.6%
Hollow
19.5%
Passage
19.4%
Key
18.8%
% Correct
Vista
18.8%
Branch
18.6%
Oval
18.6%
Cape
18.5%
Bottom
18.2%
Knoll
18.1%
Course
18.1%
Well
18.1%
Ville
17.8%
Pine
17.5%
Ranch
17.4%
Rue
17.3%
Crossroad
17.3%
Gateway
17.2%
Ramp
17.2%
Flat
17.2%
Orchard
17%
Row
17%
Common
17%
Forge
16.9%
Spring
16.9%
Ferry
16.8%
Motorway
16.5%
Haven
16.3%
Light
16.3%
Extension
16.2%
Club
15.9%
Burg
15.9%
Mews
15.9%
Trace
15.8%
Prairie
15.4%
Lock
15.1%
Viaduct
15.1%
Divide
14.9%
Summit
14.5%
Stravenue
14.4%
Lodge
14.4%
Skyway
14.1%
Neck
13.3%
Union
13.3%
Loaf
12.9%
Spur
12.5%
Rest
12.4%
Rapid
12.3%
Mission
12.2%
Shoal
11.7%
Trafficway
11.5%
Radial
10.7%

You're not logged in!

Compare scores with friends on all Sporcle quizzes.
OR
Log In

From the Vault

MLB Leading the Pack (HRs)

by Librarysquirrel

It's not enough to just lead the league in home runs, sometimes you have to humiliate everyone else in the process.
Remove Ads.
Support Sporcle.
Get the best of Sporcle when you Go Orange. This ad-free experience offers more features, more stats, and more fun while also helping to support Sporcle. Thank you for becoming a member.

Show Comments

Extras

Top Quizzes Today


Score Distribution

Your Account Isn't Verified!

In order to create a playlist on Sporcle, you need to verify the email address you used during registration. Go to your Sporcle Settings to finish the process.

Report this User

Report this user for behavior that violates our Community Guidelines.

Details: